000 00708nam a2200289Ia 4500
005 20260324123330.0
008 008 260324s9999 xx 000 0 eng d
020 _a9781315244204
037 _aEBOOK
040 _aCRL
040 _beng
040 _cCRL
041 _2eng
041 _aeng
084 _qCRL
100 _aPamela Sue Anderson
_91169911
245 0 _aRe-visioning Gender in Philosophy of Religion
245 0 _bReason, Love and Epistemic Locatedness
260 _bTaylor and Francis
260 _c2012
365 _a
365 _b210
856 _uhttp://www.taylorfrancis.com/books/9781315244204
942 _cEBOOK
999 _c1763334
_d1763334